| 000 | 00792nam a2200205 i 4500 | ||
|---|---|---|---|
| 001 | 55952 | ||
| 003 | ES-MaACL | ||
| 005 | 20250805062545.0 | ||
| 007 | t| | ||
| 008 | 030930s1915 sp |||| | spa d | ||
| 100 | 1 |
_aDíaz Fernández, Valero. _944278 |
|
| 245 | 1 | 4 |
_aLos grandes problemas _b: I. La crisis del Estado y su necesaria transformación, II. Necesidad de hacer coactiva parte de la moral, III. Los abismos sociales. |
| 260 |
_aMadrid : _b[s.n.], _c1915 ( _fEst. Tip. de Cleto Vallinas) |
||
| 300 |
_a203 p. ; _c20 cm. |
||
| 490 | 1 |
_aObras de Valero Díaz Fernández ; _v1 |
|
| 650 | 4 |
_aPolítica- _xFilosofía _916274 |
|
| 830 | 0 |
_aObras de Valero Díaz Fernández ; _v1 _9230367 |
|
| 852 |
_aES-MaACL _jD-1754 _z. - Dedicatoria. autógrafa del autor |
||
| 999 |
_c55952 _d55952 |
||